Retro Bicykel uvádza - Spoznajte Košice na dvoch kolesách

Bibliographic Details
Main Author: Korečková, Lucia (Author)
Format: Article
Language:Slovak
PhysicalDescription:Fotogr.
ISSN:1338-7073
Subjects:
Online Access:http://zajtrajsienoviny.sk/2016/05/retro-bicykel-uvadza-spoznajte-kosice-na-dvoch-kolesach/

MARC

LEADER 00000nab a2200000 a 4500
001 vtls011557951
003 SK-MaSNL
005 20260303083613.0
008 160606c2016 xo |rz 0 0slo
038 |a KEVKJB 
040 |a KEVKJB  |b slo  |c KEVKJB  |e AACR2 
041 0 |a slo 
044 |a xo  |c SK 
080 |a 629.322  |2 2011 
100 1 |a Korečková, Lucia  |4 aut  |9 1090352 
245 1 0 |a Retro Bicykel uvádza - Spoznajte Košice na dvoch kolesách  |c Lucia Korečková 
300 |b Fotogr. 
650 0 7 |a požičovne bicyklov  |2 kevkjb  |9 1090353 
650 0 7 |a bicykle  |2 kevkjb  |9 50983 
651 7 |a Košice (Slovensko)  |2 kevkjb  |9 18694 
651 7 |a Hrnčiarska ulica (Košice, Slovensko)  |2 kevkjb  |9 29607 
773 0 |t Zajtrajšie noviny  |g Roč. V., č. 9 (2016), s. 10-11  |x 1338-7073 
852 |a KEVKJB  |b KIS3GCP 
856 4 1 |u http://zajtrajsienoviny.sk/2016/05/retro-bicykel-uvadza-spoznajte-kosice-na-dvoch-kolesach/ 
999 |c 1792221  |d 1794151